Statistics for La Liga 50 players with the most assists (2010-2020)

Click here to take the quiz!

General Stats

  • This quiz has been taken 179 times
  • The average score is 24 of 50

Answer Stats

Last club in La LIgaPlayerAssists% Correct
Real MadridCristiano Ronaldo85
99%
BarcelonaLeo Messi140
99%
Real MadridKarim Benzema78
97%
Real MadridLuka Modric33
94%
BarcelonaLuis Suarez62
93%
BarcelonaAndres Iniesta46
91%
BarcelonaXavi48
91%
Real MadridToni Kroos41
90%
BarcelonaAntoine Griezman46
88%
Atletico MadridKoke68
86%
Real MadridGareth Bale42
85%
Real MadridMarcelo49
82%
BarcelonaNeymar38
82%
Real MadridIsco42
73%
BarcelonaIvan Rakitic49
73%
BarcelonaJordi Alba42
73%
BarcelonaDani Alves50
71%
Real MadridMesut Ozil47
66%
ValenciaDaniel Parejo51
62%
BarcelonaPedro35
59%
Real MadridAngel di Maria50
56%
Athletic BilbaoAritz Aduriz38
53%
BarcelonaCesc Fabregas33
49%
CeltaIago Aspas30
45%
Atletico MadridGabi31
43%
SevillaJesus Navas41
38%
Real BetisJoaquin33
38%
VillarealSanti Cazorla30
34%
Real MadridJames28
32%
SevillaEver Banega36
31%
Athletic BilbaoRaul Garcia36
31%
Real MadridLucas Vazquez29
29%
Atletico MadridJuanfran40
28%
ValenciaRodrigo27
27%
EspanyolSergio Garcia39
25%
GranadaRoberto Soldado31
23%
Las PalmasJonathan Viera31
18%
Athletic BilbaoMarkel Susaeta49
16%
Real SociedadCarlos Vela37
13%
SevillaNolito28
12%
SevillaPablo Sarabia43
12%
EibarPedro Leon42
11%
Real SociedadXabi Prieto42
11%
EibarFabian Orellana39
8%
EspanyolJose Antonio Reyes40
8%
EspanyolPablo Piatti31
6%
MalagaChory Castro42
4%
Athletic BilbaoBenat Etxebarria33
1%
Real SociedadRuben Pardo28
1%
Rayo VallacanoRoberto Trashoras28
0%

Score Distribution

Percentile by Number Answered

Percent of People with Each Score

Your Score History

You have not taken this quiz